000 01216nam a2200349 i 4500
001 13263
003 KOSZ 005
005 20200124075301.0
008 070608s1970 pl f f 000 0 pol
015 _aPB 1971/128
040 _aWA N
_cWA N
_dKOSZ 005/RW
041 0 _apol
_brus
080 _a347.77(438)
100 1 _aSołtysiński, Stanisław
_d(1939- ).
245 1 0 _aLicencje na korzystanie z cudzych rozwiązań technicznych /
_cStanisław Sołtysiński.
260 _aWarszawa :
_bWydawnictwo Prawnicze,
_c1970.
300 _a267, [1] stron ;
_c23 cm.
336 _aTekst
_btxt
_2rdacontent
337 _aBez urządzenia pośredniczącego
_bn
_2rdamedia
338 _aWolumin
_bnc
_2rdacarrier
380 _aKsiążki
504 _aBibliografia na stronach 256-[261].
546 _aStreszczenie w języku rosyjskim.
650 4 _aLicencje (umowy)
650 4 _aWłasność przemysłowa
658 _aPrawo i wymiar sprawiedliwości
651 _aPolska
650 4 _aPrawo
710 2 _aWydawnictwo Prawnicze
_4pbl.
856 _uhttp://koha.tu.koszalin.pl/cgi-bin/koha/opac-detail.pl?biblionumber=13263
_yKatalog online BPK
942 _2UKD
_cKS
999 _c13263
_d13263